000 01090nam a2200301 a 4500
001 17747
003 BD-RjUL
005 20211209000203.0
008 140217s1984 nyu j b 000 1 eng
020 _a0812034325 (pbk.) :
035 _a(BD-RjUL)17805
040 _aDLC
_cDLC
_dDLC
_dBD-RjUL
_beng
041 _aeng
082 0 0 _a813.52
_219
_bAUE 1984
100 1 _aAuer, Jim.
_954726
245 1 0 _aErnest Hemingway's The old man and the sea /
_cJim Auer.
260 _aWoodbury, N.Y. :
_bBarron's,
_cc1984.
300 _avi, 106 p. ;
_c18 cm.
504 _aBibliography: p. 101.
520 _aA guide to reading "The Old Man and the Sea" with a critical and appreciative mind. Includes background on the author's life and times, sample tests, term paper suggestions, and a reading list.
600 1 0 _aHemingway, Ernest,
_d1899-1961.
_954736
600 1 1 _aHemingway, Ernest,
_d1899-1961.
_954737
650 1 _aAmerican literature
_xHistory and criticism.
_954730
942 _2ddc
_cBK
999 _c17747
_d17747